Swiss Super League Champions - Statistics

General Stats
  • This quiz has been taken 168 times
    53 since last reset
  • The average score is 20 of 22
Answer Stats
Season Champions % Correct
2023/24 BSC Young Boys
100%
2024/25 FC Basel 1893
100%
2022/23 BSC Young Boys
96%
2020/21 BSC Young Boys
93%
2019/20 BSC Young Boys
93%
2018/19 BSC Young Boys
93%
2017/18 BSC Young Boys
93%
2016/17 FC Basel 1893
93%
2015/16 FC Basel 1893
93%
2014/15 FC Basel 1893
93%
2013/14 FC Basel 1893
93%
2012/13 FC Basel 1893
93%
2011/12 FC Basel 1893
93%
2010/11 FC Basel 1893
93%
2009/10 FC Basel 1893
93%
2021/22 FC Zürich
93%
2008/09 FC Zürich
91%
2007/08 FC Basel 1893
87%
2006/07 FC Zürich
84%
2004/05 FC Basel 1893
80%
2003/04 FC Basel 1893
80%
2005/06 FC Zürich
78%
No matching quizzes found
Score Distribution
Percent of People with Each Score
Percentile by Number Answered
Your Score History
You have not taken this quiz since the last reset